MARC

Tag First Indicator Second Indicator Subfields
LEADER 00000cam a2200000 a 4500
001 in00001404482
005 20151020052243.0
008 941214s1994 wyua bs f000 0 eng d
010 |a gp 97065607  
035 |a (OCoLC)31693980 
035 |9 AHM3361AM 
040 |d GPO  |d DLC  |d MvI  |d UtOrBLW 
060 0 |a WF16  |b N277 1994 
074 |a 0499-F-02 
086 0 |a HE 20.7102:L 97/3 
110 2 |a National Institute for Occupational Safety and Health.  |b Division of Respiratory Disease Studies. 
245 1 0 |a Work-related lung disease surveillance report, 1994 :  |b world report. 
246 3 |a Work related lung disease surveillance report, 1994 
264 1 |a [Morgantown, W. Va.] :  |b Division of Respiratory Disease Studies, National Institute for Occupational Safety and Health, U.S. Dept. of Health and Human Services, Public Health Service, Centers for Disease Control,  |c [1994] 
300 |a xiii, 149 pages :  |b illustrations ;  |c 28 cm. 
336 |a text  |b txt  |2 rdacontent 
337 |a unmediated  |b n  |2 rdamedia 
338 |a volume  |b nc  |2 rdacarrier 
490 1 |a DHHS (NIOSH) publication ;  |v no. 94-120 
500 |a Shipping list number: 97-0313-P. 
500 |a "August 1994." 
504 |a Includes bibliographical references. 
650 0 |a Lungs  |x Diseases  |x Epidemiology  |x Statistics. 
650 0 |a Lungs  |x Diseases  |x Mortality  |x Statistics. 
650 0 |a Occupational diseases  |x Epidemiology  |x Statistics. 
650 0 |a Occupational diseases  |x Mortality  |x Statistics. 
650 2 |a Lung Diseases  |x epidemiology  |x statistics. 
650 2 |a Lung Diseases  |x mortality  |x statistics. 
650 2 |a Occupational Diseases  |x epidemiology  |x statistics. 
650 2 |a Occupational Diseases  |x mortality  |x statistics. 
830 0 |a DHHS publication ;  |v no. 94-120. 
999 |a MARS 
999 f f |s 4d41717e-3134-314a-b257-f3ac4acdc0ee  |i c0afbfb6-7d36-3200-8319-71442d7200ef  |t 0 
952 f f |p normal  |a Texas A&M University  |b College Station  |c Sterling C. Evans Library  |d Evans: US Documents (Annex 5th floor)  |t 0  |e HE 20.7102:L 97/3  |h Superintendent of Documents classification  |i unmediated -- volume  |m A14838320643 
998 f f |a HE 20.7102:L 97/3  |t 0  |l Evans: US Documents (Annex 5th floor)